000 00794nam a22002657a 4500
001 0074
003 DO-SdBNP
005 20180301132423.0
007 0074
008 151117b sp 19984 xxu||||| |||| 00| 0 spa d
020 _a8434809397
040 _aBPMSU
_bspa
_cBPMSU
100 1 0 _aBolliger, Max
245 1 3 _aLa canción del pastorcillo /
_cMax Bolliger ; traducción Marta Ruiz Corbella ; ilustración Stepán Zavrel
250 _a2a ed.
260 _aMadrid :
_bS. M.,
_c1984.
300 _a28 p. :
_bil.,
_c30 cm.
490 1 _aCuentos de la torre y la estrella
700 1 _aRuiz Corbella, Marta
_etrad.
700 1 _aZravel, Stepán
_eil.
830 0 0 _3Cuentos de la torre y la estrella
942 _2ddc
_cBK
945 _aInventariado, 2018/MFF
956 _aBrenda Tavárez
999 _c8748
_d8748